| 000 | 00845cam a2200265 a 4500 | ||
|---|---|---|---|
| 001 | 12684996 | ||
| 005 | 20260422174008.0 | ||
| 008 | 020214s2003 nyua b 001 0 eng | ||
| 020 |
_a0321095170 _qpbk. : alk. paper |
||
| 020 |
_a9780321095176 _q(pbk. : alk. paper) |
||
| 050 | 0 | 0 |
_aPE1421 _b.W545 2003 |
| 082 | 0 | 0 |
_a808/.042 _221 |
| 100 | 1 | _aWilliams, Joseph M. | |
| 245 | 1 | 0 |
_aStyle : _bten lessons in clarity and grace / _cJoseph M. Williams. |
| 250 | _a7th ed. | ||
| 260 |
_aNew York : _bLongman, _cc2003. |
||
| 300 |
_axiii, 270 p. : _bill. ; _c22 cm. |
||
| 650 | 0 |
_aEnglish language _xRhetoric. |
|
| 650 | 0 |
_aEnglish language _xTechnical English. |
|
| 650 | 0 |
_aEnglish language _xBusiness English. |
|
| 650 | 0 |
_aEnglish language _xStyle. |
|
| 650 | 0 | _aTechnical writing. | |
| 650 | 0 | _aBusiness writing. | |
| 942 |
_2lcc _cBK _e7th Ed. _n0 |
||
| 999 |
_c9550 _d9550 |
||